Valuation of Business Securities & Financial Assets (Record no. 43325)

MARC details
000 -LEADER
fixed length control field 00558nam a22002057a 4500
005 - DATE AND TIME OF LATEST TRANSACTION
control field 20250211161753.0
008 - FIXED-LENGTH DATA ELEMENTS--GENERAL INFORMATION
fixed length control field 250211b |||||||| |||| 00| 0 eng d
020 ## - INTERNATIONAL STANDARD BOOK NUMBER
International Standard Book Number 9789364555487
041 ## - LANGUAGE CODE
Language code of text/sound track or separate title English
082 ## - DEWEY DECIMAL CLASSIFICATION NUMBER
Classification number 332.63 GOE
Item number 33618
100 ## - MAIN ENTRY--PERSONAL NAME
Author Vikash Goel
110 ## - MAIN ENTRY--CORPORATE NAME
Corporate name or jurisdiction name as entry element Gited By - Taxmann Publication
245 ## - TITLE STATEMENT
Title Valuation of Business Securities & Financial Assets
250 ## - EDITION STATEMENT
Edition statement 1st
260 ## - PUBLICATION, DISTRIBUTION, ETC.
Place New Dehli
Publisher Taxmann
Publication Year Jan 2025
300 ## - PHYSICAL DESCRIPTION
Extent 814, Pages,& 25 cm
365 ## - TRADE PRICE
Price amount 2295
Currency code Rs
650 ## - SUBJECT ADDED ENTRY--TOPICAL TERM
Subject Valuation of Financial assets
942 ## - ADDED ENTRY ELEMENTS (KOHA)
Koha item type Books
Holdings
Withdrawn status Lost status Source of classification or shelving scheme Damaged status Not for loan Home library Current library Shelving location Accession Date Vendor Price Bill number Total Checkouts Total Renewals Full call number Barcode No Date last seen Date last checked out Bill Date Koha item type
    Dewey Decimal Classification     IMTN IMTN Rack 8-A 01/28/2025 Taxmann Publication PVt Ltd. 2295.00 RO/JAN/25/AHM/0009 3 2 332.63 GOE 33618 10/08/2025 07/17/2025   Books
Designed & Maintained by: LRC IMT Nagpur Contact: lrc@imtnag.ac.in© 2024. All Rights Reserved.